[Event "5th Agzamov Mem"]
[Site "Tashkent UZB"]
[Date "2011.03.19"]
[Round "2"]
[White "Jumabayev,R"]
[Black "Aitbayev,A"]
[Result "1-0"]
[WhiteElo "2562"]
[BlackElo "2321"]

1.d4 d6 2.c4 g6 3.Nf3 Bg7 4.g3 Nf6 5.Bg2 O-O 6.O-O c6 7.Nc3 Qa5 8.h3 Be6
9.Nd2 d5 10.Nb3 Qb6 11.Nc5 Bc8 12.Qb3 Rd8 13.Rd1 Qxb3 14.axb3 Nbd7 15.N5a4 e6
16.Bf4 Ne8 17.e4 dxe4 18.Bxe4 h6 19.h4 Bf8 20.Bf3 Kg7 21.Ne4 b6 22.c5 Bb7
23.b4 Rac8 24.Nac3 Ra8 25.g4 Rdc8 26.g5 hxg5 27.hxg5 Nc7 28.Nd6 Bxd6 29.Bxd6 Nd5
30.Nxd5 cxd5 31.Rdc1 bxc5 32.bxc5 a5 33.Rc3 Nb8 34.Be5+ Kf8 35.Be2 Nc6 36.Bf6 Ba6
37.Rh3 Ke8 38.Bg4 Rab8 39.Re1 Nd8 40.Rh8+ Kd7 41.Rh7 Kc6 42.Bxd8 Rxd8 43.Rxf7 Bc8
44.Bxe6 Kb5 45.Bxc8 Rdxc8 46.Rc1 Ka4 47.Ra1+ Kb4 48.Rf6 Kc4 49.Rxa5 Kxd4
50.c6 Ke5 51.Kg2 Rxb2 52.Kg3 Rc2 53.f4+ Ke4 54.Re6+ Kd4 55.Rd6 R2xc6 56.Raxd5+ Kc4
57.Rd1 Kb5 58.Rxc6 Rxc6 59.f5 Rc5 60.Rf1 gxf5 61.Kf4 Kc6 62.Rd1  1-0

[Event "TCh-SUI 2011"]
[Site "Switzerland SUI"]
[Date "2011.03.20"]
[Round "2.4"]
[White "Almada,E"]
[Black "Vogt,L"]
[Result "1/2-1/2"]
[WhiteElo "2349"]
[BlackElo "2413"]

1.d4 Nf6 2.c4 g6 3.Nf3 Bg7 4.g3 d6 5.Bg2 O-O 6.O-O Nbd7 7.Nc3 e5 8.e4 exd4
9.Nxd4 Re8 10.h3 Nc5 11.Re1 Bd7 12.Rb1 a6 13.Bf4 h6 14.g4 h5 15.f3 hxg4 16.hxg4 Nh7
17.Qd2 Bxd4+ 18.Qxd4 Ne6 19.Qd2 Nxf4 20.Qxf4 Be6 21.Bf1 g5 22.Qe3 Qf6 23.Kg2 Qe5
24.Rbd1 c6 25.Qd4 Rad8 26.Qxe5 dxe5 27.c5 Nf8 28.b3 Kg7 29.Kf2 Rb8 30.Na4 Ng6
31.Be2 Nf4 32.Rh1 Rh8 33.Nb2 Kf6 34.Ke3 Rbd8 35.Rxh8 Rxh8 36.Rd2 Rh1 37.Nc4 Bxc4
38.Bxc4 Ke7 39.Rf2 Ra1 40.Rh2 Ne6 41.Bxe6 Kxe6 42.Rh6+ Ke7 43.Rh8 Rxa2 44.Rb8 b5
45.cxb6 Ra3 46.Kd3 Rxb3+ 47.Kc4 Rb5 48.b7 a5 49.Rc8 Rb4+ 50.Kc5 Rxb7 51.Rxc6 Rb3
52.Kd5 a4 53.Ra6 a3 54.Kxe5 Rxf3 55.Kd5 Kd7 56.e5 Kc7 57.Kc5 Kb7 58.Rb6+ Ka7
59.Rb5 Rc3+ 60.Kb4 Re3 61.Kc4 Ka6 62.Rb8 Ka7 63.Rb5 Rg3 64.Kc5 Rc3+ 65.Kb4 Re3
66.Kc4 Ka6 67.Rb8 Ka5 68.Rb5+ Ka4 69.Rb4+ Ka5 70.Rb5+ Ka6 71.Rb8  1/2-1/2

[Event "5th Agzamov Mem"]
[Site "Tashkent UZB"]
[Date "2011.03.20"]
[Round "3"]
[White "Mchedlishvili,M"]
[Black "Turaev,Hal"]
[Result "1-0"]
[WhiteElo "2629"]
[BlackElo "2270"]

1.d4 Nf6 2.Nf3 g6 3.c4 Bg7 4.g3 O-O 5.Bg2 d6 6.O-O a6 7.b3 Nc6 8.Bb2 Rb8
9.Nbd2 b5 10.d5 Na5 11.Bc3 c5 12.e4 Nb7 13.Qe2 b4 14.Bb2 e5 15.dxe6 fxe6
16.e5 Ne8 17.Rfd1 d5 18.h4 d4 19.Ne1 Qb6 20.Nd3 Bd7 21.h5 g5 22.Ne4 Bc6 23.Qg4 Bxe4
24.Bxe4 h6 25.f4 gxf4 26.Nxf4 Nc7 27.Qg6 Rf7 28.Rf1  1-0

[Event "Angora Int 2011"]
[Site "Ankara TUR"]
[Date "2011.03.23"]
[Round "5"]
[White "Topak,E"]
[Black "Ivanov,Jo"]
[Result "1/2-1/2"]
[WhiteElo "2308"]
[BlackElo "2465"]

1.d4 Nf6 2.c4 d6 3.Nf3 g6 4.g3 Bg7 5.Bg2 O-O 6.O-O Nc6 7.Nc3 e5 8.d5 Ne7
9.e4 Ne8 10.Ne1 f5 11.exf5 Nxf5 12.Nc2 Bh6 13.Bxh6 Nxh6 14.Qd2 Nf7 15.f4 Nf6
16.Rae1 Bd7 17.b3 Nh5 18.fxe5 Nxe5 19.Nd4 Rxf1+ 20.Rxf1 Qe7 21.Ne4 Rf8 22.Rxf8+ Qxf8
23.Qg5 Nf7 24.Qe3 Qe7 25.Ne6 Bxe6 26.dxe6 Qxe6 27.Qxa7 Nd8 28.Qf2 Qe5 29.Qd2 Qa1+
30.Bf1 Qe5 31.Bg2 Qa1+ 32.Bf1 Qe5 33.Bg2  1/2-1/2

[Event "ch-VIE Men"]
[Site "Da Lat VIE"]
[Date "2011.03.23"]
[Round "6.8"]
[White "Nguyen,Duc Viet"]
[Black "Nguyen Van Hai"]
[Result "1/2-1/2"]
[WhiteElo "2078"]
[BlackElo "2264"]

1.d4 Nf6 2.Nf3 g6 3.c4 Bg7 4.g3 O-O 5.Bg2 d6 6.O-O c6 7.b3 a5 8.Nc3 Qc7 9.Bb2 Na6
10.e4 e5 11.d5 Nc5 12.Ne1 Ne8 13.Nd3 Nxd3 14.Qxd3 f5 15.dxc6 bxc6 16.Rad1 Be6
17.Ba3 Rd8 18.c5 d5 19.exd5 e4 20.d6 exd3 21.dxc7 Nxc7 22.Nb1 a4 23.bxa4 Bxa2
24.Bxc6 Bb3 25.Rd2 Bc2 26.Bb5 Nxb5 27.axb5 Ra8 28.c6 Rfb8 29.Be7 Kf7 30.Bd6 Rxb5
31.Na3 Rxa3 32.Bxa3 Ke6 33.c7 Kd7 34.Rc1 Kc8 35.Bd6 Rb1 36.Rxb1 Bxb1 37.Bf4 Bc2
38.f3 Bc3 39.Rg2 Ba5 40.Kf1 h6 41.h4 g5 42.hxg5 hxg5 43.Bxg5 Kxc7 44.Bd2 Bb6
45.Rh2 Kd7 46.Rh5 Bc7 47.Kg2 Ke6 48.g4 fxg4 49.fxg4 Bd1 50.Kh3 Be5 51.Kh4 Bf6+
52.Kg3 Be5+ 53.Bf4 Bc3 54.Rh6+ Ke7 55.Rh7+ Ke6 56.Rh6+ Ke7 57.Rh1 Be2 58.Rh2 Be1+
59.Kh3 Bf1+ 60.Rg2 Bc3 61.Kg3 Bxg2 62.Kxg2  1/2-1/2

[Event "2nd Magic Valley IM"]
[Site "Rodatychi UKR"]
[Date "2011.03.24"]
[Round "6"]
[White "Annenkov,K"]
[Black "Lutsko,I"]
[Result "1/2-1/2"]
[WhiteElo "2272"]
[BlackElo "2331"]

1.d4 Nf6 2.c4 g6 3.g3 Bg7 4.Bg2 O-O 5.Nf3 d6 6.O-O Nbd7 7.Qc2 e5 8.dxe5 dxe5
9.Rd1 Qe7 10.e4 Nc5 11.Nc3 c6 12.b3 Re8 13.Ba3 b6 14.Ne1 Be6 15.Na4 Nfd7  1/2-1/2

[Event "2nd Magic Valley IM"]
[Site "Rodatychi UKR"]
[Date "2011.03.27"]
[Round "9"]
[White "Annenkov,K"]
[Black "Molnar,P SVK"]
[Result "1/2-1/2"]
[WhiteElo "2272"]
[BlackElo "2294"]

1.d4 Nf6 2.c4 g6 3.g3 Bg7 4.Bg2 O-O 5.Nf3 d6 6.O-O Nc6 7.Nc3 Bf5 8.d5 Na5
9.Nd2 c5 10.e4 Bd7 11.Qe2 e5 12.a3 b6 13.b4 Nb7 14.Nb3 Ng4 15.f3 Nh6 16.Be3 f5
17.Rac1  1/2-1/2

[Event "12th ch-EUR"]
[Site "Aix-les-Bains FRA"]
[Date "2011.04.02"]
[Round "11.82"]
[White "Diermair,A"]
[Black "Pridorozhni,A"]
[Result "0-1"]
[WhiteElo "2386"]
[BlackElo "2542"]

1.Nf3 Nf6 2.c4 d6 3.d4 g6 4.g3 Bg7 5.Bg2 O-O 6.Nc3 Nc6 7.O-O Bd7 8.e4 e5
9.d5 Ne7 10.Ne1 a6 11.Nd3 Qc8 12.f4 exf4 13.Bxf4 Ng4 14.Qd2 b6 15.Rae1 f6
16.Qe2 g5 17.Bd2 Ng6 18.Bh3 h5 19.Nd1 Re8 20.Bg2 b5 21.c5 N4e5 22.Nxe5 Nxe5
23.Ne3 dxc5 24.Qxh5 Re7 25.Nf5 Bxf5 26.exf5 Qe8 27.Qe2 Rd8 28.Qe3 Bf8 29.Qc3 Rg7
30.Be3 c4 31.Bd4 Bd6 32.Qa5 Re7 33.Kh1 Ra8 34.a3 Rb8 35.Ba7 Rd8 36.Bd4 Rh7
37.h3 Re7 38.Qc3 Qh5 39.Qd2 Rde8 40.Re3 a5 41.Qe2 Qxe2 42.Rxe2 a4 43.Rd1 Kf7
44.Rdd2 Nc6 45.Rxe7+ Nxe7 46.g4 Nc8 47.Bf3 Re1+ 48.Kg2 Be5 49.Kf2 Rc1 50.Bxe5 fxe5
51.Kg3 c3 52.bxc3 Rxc3 53.h4 gxh4+ 54.Kxh4 Rxf3 55.Rc2 Nd6 56.Rxc7+ Ke8 57.Kg5 Ne4+
58.Kg6 Rf4 59.g5 Rg4 60.f6 Rxg5+ 61.Kh6 Rg3 62.Re7+ Kf8 63.Rxe5 Nxf6 64.Rf5 Kf7  0-1

[Event "12th ch-EUR"]
[Site "Aix-les-Bains FRA"]
[Date "2011.04.02"]
[Round "11.89"]
[White "Houska,Jo"]
[Black "Vocaturo,D"]
[Result "1-0"]
[WhiteElo "2419"]
[BlackElo "2564"]

1.d4 Nf6 2.Nf3 g6 3.c4 Bg7 4.g3 O-O 5.Bg2 d6 6.O-O Nbd7 7.Nc3 e5 8.e4 c6
9.b3 Qb6 10.d5 Nc5 11.dxc6 bxc6 12.Be3 Ng4 13.Bxc5 Qxc5 14.Qd2 Qa5 15.Rad1 Nf6
16.Ne1 Bg4 17.Bf3 Bh3 18.Bg2 Be6 19.Nd5 Qd8 20.Nxf6+ Qxf6 21.Nc2 Rfd8 22.Qa5 Qe7
23.Ne3 Rd7 24.Rd3 Qd8 25.Qxd8+ Raxd8 26.f4 f6 27.f5 Bf7 28.h4 Kf8 29.fxg6 Bxg6
30.Nf5 Bxf5 31.Rxf5 a5 32.Rf1 Ke7 33.Rfd1 Bh6 34.Bh3 Rc7 35.Bf5 c5 36.Bxh7 a4
37.Bf5 axb3 38.Rxb3 Ra8 39.a3 Ra4 40.Rc3 Rb7 41.Kf2 Rb2+ 42.Kf3 Ra8 43.Rcd3 Rb6
44.Bh7 Rh8 45.Bf5 Ra8 46.Bh3 Ra4 47.Rc3 Ra8 48.Rdd3 Rab8 49.Bf1 Rb1 50.Be2 Ke6
51.Bd1 R1b2 52.a4 Bg7 53.Kg4 Ra2 54.Rb3 Rb2 55.Kh5 f5 56.Kg6 Bf8  1-0

[Event "Bocharov Memorial"]
[Site "Borisoglebsk RUS"]
[Date "2011.04.02"]
[Round "4"]
[White "Avdeev,Ed"]
[Black "Novikov,Pavel"]
[Result "1/2-1/2"]
[WhiteElo "2144"]
[BlackElo "1786"]

1.Nf3 Nf6 2.c4 d6 3.d4 g6 4.g3 Bg7 5.Bg2 O-O 6.O-O Nbd7 7.Nc3 c6 8.Qb3 Qc7
9.Rd1 e5 10.e3 Re8 11.Bd2 Nf8 12.Rac1 h6 13.Be1 e4 14.Nd2 Bg4 15.Ndxe4 Nxe4
16.Nxe4 Bxd1 17.Qxd1 Rad8 18.b4 a6 19.c5 dxc5 20.bxc5 Ne6 21.Qa4 Rd7 22.Ba5 Qb8
23.Rb1 Nxd4 24.exd4 Rxd4 25.Rb4 Qe5 26.Rxd4 Qxd4 27.Qxd4 Bxd4 28.Kf1 Re5
29.Bc7 Rd5 30.Bd6 Kg7 31.Nd2 Rf5 32.f4 Bxc5 33.g4 Bxd6 34.gxf5 Bxf4 35.Nf3 g5
36.h3 Kf6 37.Nd4 Be3 38.Nc2 Bc5  1/2-1/2

[Event "Karposh Open"]
[Site "Skopje MKD"]
[Date "2011.04.02"]
[Round "1"]
[White "Blagojevic,Dr"]
[Black "Jankov,Sa"]
[Result "1-0"]
[WhiteElo "2524"]
[BlackElo "2164"]

1.d4 Nf6 2.c4 g6 3.Nf3 Bg7 4.g3 d6 5.Bg2 O-O 6.O-O Nc6 7.Nc3 Bg4 8.d5 Bxf3
9.exf3 Ne5 10.Qe2 Re8 11.Be3 c5 12.Rfe1 Qa5 13.Bd2 Qb6 14.b3 a6 15.f4 Ned7
16.Qd3 Rad8 17.Re2 Qc7 18.Rae1 Nf8 19.Bh3 Kh8 20.f5 Rb8 21.a4 Qd8 22.fxg6 hxg6
23.Re3 N8d7 24.Qe2 Bh6 25.f4 Ng8 26.Ne4 Qc7 27.Bc3+ Bg7 28.Ng5 Rf8 29.Qg4 Ndf6
30.Qh4+ Nh6 31.Rxe7 Qb6 32.Bxf6  1-0

[Event "Telin International Open"]
[Site "Jakarta INA"]
[Date "2011.04.03"]
[Round "3.10"]
[White "Gagunashvili,M"]
[Black "Suhendr,A"]
[Result "1-0"]
[WhiteElo "2599"]
[BlackElo "2230"]

1.d4 Nf6 2.c4 g6 3.Nf3 Bg7 4.g3 O-O 5.Bg2 d6 6.O-O c6 7.Nc3 Qa5 8.e3 Qh5
9.Nd2 Bg4 10.Qb3 b6 11.h4 h6 12.a4 Rc8 13.a5 Nbd7 14.axb6 Nxb6 15.Qc2 a5
16.b3 g5 17.f3 Bd7 18.hxg5 Qxg5 19.Kf2 Nh5 20.Nde4 Qg6 21.g4 Nf6 22.Ra2 Nxe4+
23.Nxe4 a4 24.bxa4 c5 25.dxc5 Bxa4 26.Qe2 dxc5 27.f4 Nd7 28.Bb2 Bc6 29.Rxa8 Rxa8
30.Bxg7 Qxg7 31.Ng3 Bxg2 32.Kxg2 Nf6 33.Nf5 Qxg4+ 34.Qxg4+ Nxg4 35.Kg3 e6
36.Kxg4 exf5+ 37.Kxf5 Ra4 38.Rc1 Kg7 39.Ke5 Ra3 40.e4 Rd3 41.f5 h5 42.Rg1+ Kf8
43.Rh1 Rd4 44.Rxh5 Rxc4 45.Kf6 Kg8 46.e5 Rf4 47.Rh3 Rd4 48.Rg3+ Kf8 49.Ra3 Rd8
50.e6 fxe6 51.fxe6 Rc8 52.Rh3 Kg8 53.Rg3+ Kh7 54.e7 c4 55.Kf7  1-0

[Event "Karposh Open"]
[Site "Skopje MKD"]
[Date "2011.04.03"]
[Round "2"]
[White "Konstantinov,Aleksandar"]
[Black "Djordjevski,J"]
[Result "1-0"]
[WhiteElo "1657"]
[BlackElo "2033"]

1.d4 Nf6 2.c4 g6 3.Nf3 Bg7 4.g3 O-O 5.Bg2 d6 6.O-O c6 7.Nc3 Qa5 8.Bd2 Qh5
9.Qb3 b6 10.a4 Bh3 11.a5 Nbd7 12.axb6 axb6 13.e4 e5 14.d5 cxd5 15.cxd5 Rfc8
16.Rxa8 Rxa8 17.Re1 Ng4 18.Qb5 Nc5 19.Qxb6 Nd3 20.Rf1 Ndxf2 21.Rxf2 Nxf2
22.Kxf2 Bf8 23.Ng5 Bxg2 24.Kxg2 h6 25.Nxf7 Ra1 26.Nxd6 Qg4 27.Ne8 Kf7 28.Nc7 Qd7
29.Qe6+ Qxe6 30.Nxe6 Bb4 31.Bxh6 Bxc3 32.bxc3 Ra2+ 33.Kf3 Rc2 34.h4 Rxc3+
35.Be3 Ke7 36.Kf2 Rc2+ 37.Kf3 Rc3 38.Ng5 Rb3 39.Kf2 Rb2+ 40.Kg1 Rb3 41.Bc5+ Kd7
42.Kg2 Rb5 43.Bf8 Rb2+ 44.Kh3 Rb7 45.d6 Rb8 46.Be7 Rb3 47.Kg4 Rc3 48.h5 gxh5+
49.Kxh5 Rxg3 50.Kg6 Ra3 51.Kf6 Ra5 52.Nf7 Ke8 53.Nxe5 Ra6 54.Ng4 Kd7 55.e5 Ra4
56.e6+ Kc6 57.Ne5+ Kd5 58.Nd3 Ra1 59.Nf4+ Kc6 60.d7  1-0

[Event "Karposh Open"]
[Site "Skopje MKD"]
[Date "2011.04.05"]
[Round "5"]
[White "Skoberne,J"]
[Black "Jacimovic,D"]
[Result "0-1"]
[WhiteElo "2553"]
[BlackElo "2427"]

1.c4 g6 2.d4 Nf6 3.Nf3 Bg7 4.g3 O-O 5.Bg2 d6 6.O-O c6 7.Nc3 Qb6 8.e3 Re8
9.b3 e5 10.Ba3 e4 11.Nd2 d5 12.b4 Be6 13.b5 Qa5 14.Qc1 dxc4 15.Ndxe4 Nxe4
16.Nxe4 cxb5 17.Nd6 Bf8 18.Rb1 Bxd6 19.Bxd6 Qa6 20.Qa3 Qxa3 21.Bxa3 a6 22.d5 Bc8
23.e4 Nd7 24.f4 b6 25.f5 Ra7 26.f6 Nc5 27.e5 Nd3 28.Bd6 Rd7 29.Bb8 Bb7 30.e6 Rxd5
31.Bxd5 Bxd5 32.Bc7 Rxe6  0-1

[Event "Karposh Open"]
[Site "Skopje MKD"]
[Date "2011.04.06"]
[Round "6"]
[White "Jianu,V"]
[Black "Jacimovic,D"]
[Result "1/2-1/2"]
[WhiteElo "2545"]
[BlackElo "2427"]

1.d4 Nf6 2.c4 d6 3.Nf3 g6 4.g3 Bg7 5.Bg2 O-O 6.O-O c6 7.Nc3 Qb6 8.b3 e5 9.d5 cxd5
10.cxd5 Bd7 11.Be3 Qa6 12.h3 Rc8 13.Rc1 Be8 14.a4 Nbd7 15.Nb5 Rxc1 16.Qxc1 Nxd5
17.Rd1 N7f6 18.Nc7 Nxc7 19.Qxc7 Qc6 20.Qxd6 Ne4 21.Qxc6 Bxc6 22.Rc1 h6 23.Nxe5 Bxe5
24.Rxc6 bxc6 25.Bxe4 Rb8 26.Bxc6 Rxb3 27.Bxa7 Bc7 28.Bb5 h5 29.h4 Kg7 30.Kg2 Ba5
31.Bd4+ f6  1/2-1/2

[Event "JT Mangini Mem"]
[Site "Rio de Janeiro BRA"]
[Date "2011.04.07"]
[Round "8.4"]
[White "Chauca,J"]
[Black "Della Morte,G"]
[Result "0-1"]
[WhiteElo "2072"]
[BlackElo "2351"]

1.d4 Nf6 2.Nf3 g6 3.g3 Bg7 4.Bg2 O-O 5.c4 d6 6.Nc3 Nbd7 7.O-O e5 8.e3 c6
9.b3 Re8 10.Bb2 e4 11.Nd2 d5 12.f4 exf3 13.Qxf3 Nb6 14.e4 dxc4 15.Ne2 Bg4
16.Qf2 Bxe2 17.Qxe2 Nxe4 18.Nxe4 f5 19.Rad1 fxe4 20.Bxe4 cxb3 21.axb3 Re7
22.Qc2 Qe8 23.Bf3 Rd8 24.Qc5 Nd5 25.Ba3 Re6 26.Bg4 Re4 27.Bf3 Ne3 28.Rfe1 Rdxd4
29.Rc1 Re6 30.Qxa7 Qf7 31.Bh1 Rd2 32.Qb8+ Re8 33.Qf4 Bd4 34.Qxf7+ Kxf7  0-1

[Event "TCh-HUN 2010-11"]
[Site "Zalaegerszeg HUN"]
[Date "2011.04.10"]
[Round "8"]
[White "Horvath,Jo2"]
[Black "Markus,Rob"]
[Result "1/2-1/2"]
[WhiteElo "1985"]
[BlackElo "2624"]

1.Nf3 Nf6 2.c4 g6 3.d4 Bg7 4.g3 O-O 5.Bg2 d6 6.O-O c6 7.Nc3 Qa5 8.e4 e5 9.Re1 Nbd7
10.d5 cxd5 11.cxd5 b5 12.a3 a6 13.Bg5 Qb6 14.Nd2 Nc5 15.h3 Nh5 16.Be3 Qd8
17.Qe2 Bd7 18.b4 Na4 19.Nxa4 bxa4 20.Rac1 Bb5 21.Qd1 Rc8 22.Nb1 Rxc1 23.Bxc1 Qc8
24.Bd2 f5 25.Nc3 Bd3 26.Re3 Bc4 27.Nxa4 Bb5 28.Nc3 f4 29.Rf3 Bd7 30.g4 Nf6
31.Rd3 g5 32.f3 h5 33.Be1 hxg4 34.hxg4 Nxg4 35.fxg4 Bxg4 36.Qd2 Bd7 37.a4 g4
38.b5 Qc4 39.Bf1 axb5 40.axb5 Qb4 41.Qf2 g3 42.Qa7 Bg4 43.Bxg3 fxg3 44.Rxg3 Rf4
45.Be2 Qd4+ 46.Qxd4 exd4 47.Rxg4 Rxg4+ 48.Bxg4 dxc3 49.Bd1 Kf7 50.Kf1 Ke7
51.Ke2 Kd8  1/2-1/2

[Event "ch-BLR Junior"]
[Site "Minsk BLR"]
[Date "2011.04.15"]
[Round "1"]
[White "Harshkou,M"]
[Black "Tsyhanchuk,S"]
[Result "0-1"]
[WhiteElo "2232"]
[BlackElo "2345"]

1.d4 g6 2.Nf3 Bg7 3.c4 Nf6 4.g3 d6 5.Bg2 O-O 6.O-O Nc6 7.Nc3 a6 8.d5 Na5
9.b3 c5 10.dxc6 Ne4 11.c7 Qxc7 12.Nd5 Qd8 13.Nd4 Nf6 14.Bb2 Bd7 15.Qd2 Nxd5
16.cxd5 b5 17.Nc6 Bxc6 18.Bxg7 Kxg7 19.dxc6 Rc8 20.Qc3+ Kg8 21.a4 b4 22.Qxb4 Rb8
23.Qc3 Rxb3 24.Qc2 Qb6 25.Rab1 Rc8 26.Rfc1 Rc7 27.Bd5 Rxb1 28.Rxb1 Qd4 29.Bg2 e6
30.e3 Qc4 31.Rb8+ Kg7 32.Qb2+ e5 33.Qb6 Qc1+ 34.Bf1 Nc4 35.Qb1 Qxb1 36.Rxb1 d5
37.e4 Nd2 38.Rc1 Nxe4 39.Bxa6 d4 40.Bb7 Nd6 41.Rb1 Nc4 42.Ra1 Na5 43.Ba8 Ra7
44.Bb7 Nxb7 45.cxb7 Rxb7 46.a5 Kf6 47.a6 Ra7 48.f3 Ke6 49.Ra5 Kd6 50.g4 g5
51.h4 gxh4 52.Kg2 f6 53.Kh3 Kc6 54.Kxh4 Kb6 55.Rd5 Rxa6 56.g5 Kc6 57.Rd8 f5
58.f4 Kc7 59.Rd5 Rd6 60.Rxe5 d3 61.Re1 d2 62.Rd1 Rd3 63.g6 hxg6 64.Kg5 Rd6
65.Kh6 Kc6 66.Kg7 Kc5 67.Kf7 Kc4 68.Ke7 Rd4 69.Kf6 Kc3 70.Kxg6 Rxf4  0-1

[Event "11th BCC Thailand Open"]
[Site "Pattaya THA"]
[Date "2011.04.15"]
[Round "7.8"]
[White "Illingworth,M"]
[Black "Stokke,K"]
[Result "0-1"]
[WhiteElo "2345"]
[BlackElo "2407"]

1.d4 Nf6 2.c4 g6 3.Nf3 Bg7 4.g3 O-O 5.Bg2 d6 6.O-O Nc6 7.Nc3 Bf5 8.d5 Na5
9.Nd2 c6 10.b4 Nxd5 11.cxd5 Bxc3 12.e4 Bxe4 13.Nxe4 Bxa1 14.bxa5 Bg7 15.a6 c5
16.axb7 Rb8 17.h4 Qa5 18.h5 Rxb7 19.hxg6 hxg6 20.Qg4 Qb4 21.Qh4 Rfb8 22.Bf4 Qd4
23.Kh2 c4 24.Rc1 Rc7 25.Be3 Qe5 26.Ng5 c3 27.Be4 Rb2 28.Re1 Qf6 29.Qh7+ Kf8
30.Nf3 c2 31.Bd4 Qxd4 32.Nxd4 c1=Q 33.Rxc1 Rxc1 34.Bg2 Rxf2 35.Nf3 Rcc2 36.Ne1 Rce2
37.Qh3 f5 38.Kg1 Bd4 39.Qh6+ Ke8 40.Qxg6+ Kd7 41.Kh2 Rxe1 42.Kh3 Ree2 43.Kh4 Bf6+
44.Kh5 Rxg2 45.Qxf5+ Kc7 46.Qd3 Rxa2 47.Qb5 Kd8 48.g4 Rac2 49.Qb3 Rb2 50.Qa4 Ra2
51.Qc4 Rgc2 52.Qb5 Kc7 53.Kg6 Rc5 54.Qb3 Rd2 55.Kf7 Rdxd5 56.Ke8 a5 57.Kf7 Rb5
58.Qc4+ Rdc5 59.Qe4 Kb8 60.Ke8 Rc8+  0-1

[Event "TCh-CZE 2010-11"]
[Site "Czech Rep CZE"]
[Date "2011.04.16"]
[Round "10.7"]
[White "Stachowiak,K"]
[Black "Firt,S"]
[Result "1-0"]
[WhiteElo "2404"]
[BlackElo "2330"]

1.d4 Nf6 2.Nf3 g6 3.c4 Bg7 4.g3 O-O 5.Bg2 d6 6.O-O c6 7.Nc3 Qa5 8.e4 Qh5
9.Ng5 Qxd1 10.Rxd1 e5 11.h3 Na6 12.Be3 Re8 13.Nf3 exd4 14.Nxd4 Nc5 15.f3 Nfd7
16.b4 Ne6 17.Rac1 Nxd4 18.Bxd4 Ne5 19.Nb1 f5 20.f4 Nf7 21.exf5 Bxf5 22.Nc3 h5
23.b5 Bxd4+ 24.Rxd4 Rac8 25.Kf2 Kg7 26.a4 Re7 27.Re1 Rxe1 28.Kxe1 Kf6 29.a5 Bd7
30.Kd2 Ke7 31.Be4 g5 32.Bg6 gxf4 33.Bxf7 Kxf7 34.Rxf4+ Kg6 35.Rd4 Bxh3 36.Rxd6+ Kf5
37.a6 bxa6 38.bxc6 Ke5 39.Rd5+ Ke6 40.Rxh5 Bg2 41.Nd5 Bf3 42.Rh6+ Ke5 43.Nb4 a5
44.Nd3+ Kf5 45.Ke3 Rxc6 46.Rh7 Bd1 47.Kd2 Bb3 48.Rh5+ Kg4 49.Rxa5 Rc7 50.c5 Kxg3
51.Kc3 Bf7 52.Ne5 Be6 53.Kd4 Kf4 54.Ra1 Bh3 55.Ra2 Rc8 56.Rf2+ Kg5 57.c6 Bf5
58.Kd5 Rd8+ 59.Kc5 Re8 60.Nf7+ Kg6 61.Rxf5  1-0

[Event "TCh-CZE 2010-11"]
[Site "Czech Rep CZE"]
[Date "2011.04.16"]
[Round "10.2"]
[White "Stefansson,H"]
[Black "Antoniewski,R"]
[Result "1/2-1/2"]
[WhiteElo "2573"]
[BlackElo "2604"]

1.d4 Nf6 2.c4 g6 3.Nf3 Bg7 4.g3 O-O 5.Bg2 d6 6.O-O Nc6 7.Nc3 Bf5 8.d5 Na5
9.Nd2 c5 10.e4 Bg4 11.Qc2 a6 12.h3 Bd7 13.b3 b5 14.Bb2 Rb8 15.Rab1 e6  1/2-1/2

[Event "ch-BLR Junior"]
[Site "Minsk BLR"]
[Date "2011.04.16"]
[Round "2"]
[White "Harshkou,M"]
[Black "Bulanov,D"]
[Result "1/2-1/2"]
[WhiteElo "2232"]
[BlackElo "2359"]

1.d4 g6 2.c4 Bg7 3.g3 Nf6 4.Bg2 O-O 5.Nf3 d6 6.O-O Nbd7 7.Qc2 e5 8.Rd1 Re8
9.dxe5 dxe5 10.e4 c6 11.h3 Qc7 12.Be3 b6 13.Ne1 Nf8 14.Nd3 Ne6 15.c5 Ba6
16.Nb4 Bb7 17.cxb6 axb6 18.Nd3 c5 19.Nd2 Rad8 20.b3 Rd7 21.a4 Red8 22.Nb2 Nd4
23.Bxd4 Rxd4 24.f3 Nh5 25.Kh2 Bh6 26.Ndc4 f5 27.Nd3 Ba6 28.Ndb2 R8d7 29.Rxd4 Rxd4
30.Rd1 Qd8 31.Rxd4 exd4 32.f4 Ng7 33.e5 g5 34.fxg5 Qxg5 35.Qf2 f4 36.g4 f3
37.Qxf3 Qf4+ 38.Qxf4 Bxf4+ 39.Kg1 Kf7 40.Bd5+ Ke7 41.Kf2 Ne6 42.Nd3 Bh6 43.Kg3 Bg7
44.h4 h6 45.Kf3 Nc7 46.Be4 Bxc4 47.bxc4 Na6 48.Kf4 Nb4 49.Nxb4 cxb4 50.Bf5 b3
51.Ke4 d3 52.Kxd3 Bxe5 53.c5 bxc5 54.Kc4 Kd6 55.Kxb3 Bf6 56.g5 hxg5 57.h5 Kc6
58.Kc4 Kb6 59.Bg4 Ka5 60.Bd1 g4  1/2-1/2

[Event "ch-FAI"]
[Site "Vestmanna FAI"]
[Date "2011.04.16"]
[Round "1"]
[White "Samuelsen,C"]
[Black "Simonsen,O"]
[Result "1/2-1/2"]
[WhiteElo "2257"]
[BlackElo "2244"]

1.d4 Nf6 2.Nf3 g6 3.c4 Bg7 4.g3 d6 5.Bg2 O-O 6.O-O Nbd7 7.Qc2 e5 8.Rd1 exd4
9.Nxd4 Re8 10.Nc3 a6 11.b3 Nc5  1/2-1/2

[Event "Zagreb Open B"]
[Site "Zagreb CRO"]
[Date "2011.04.16"]
[Round "7.12"]
[White "Medic,Mir"]
[Black "Havas,Ja"]
[Result "1/2-1/2"]
[WhiteElo "2271"]
[BlackElo "2121"]

1.d4 Nf6 2.Nf3 g6 3.c4 Bg7 4.g3 O-O 5.Bg2 d6 6.O-O Nbd7 7.Nc3 c6 8.h3 Qc7
9.e4 e5 10.Re1 Re8 11.Be3 exd4 12.Nxd4 a5 13.Qc2 Nc5 14.Rad1 Nfd7 15.b3 Nf8
16.Qd2 Be6 17.f4 Rad8 18.Nxe6 Nfxe6 19.Qc2 Qe7 20.Bf2 Qf6 21.Ne2 Qb2 22.Qxb2 Bxb2
23.Rd2 Bf6 24.Red1 Be7 25.Nd4 Nc7 26.Re2 N7a6 27.Be1 a4 28.b4 Ne6 29.Nc2 Bf6
30.Kf1 h5 31.h4 Kf8 32.Bf2 c5 33.a3 cxb4 34.axb4 Rc8 35.b5 Nb8 36.Rxd6 Rxc4
37.e5 Be7 38.Rb6 Rec8 39.Rxb7 Nd8 40.Ra7 Rxc2 41.Rxc2 Rxc2 42.Rxa4 Rb2  1/2-1/2

[Event "17th Schloss Open A"]
[Site "Werther GER"]
[Date "2011.04.17"]
[Round "6"]
[White "Hoffmann,Ale1"]
[Black "Zelbel,P"]
[Result "1/2-1/2"]
[WhiteElo "2404"]
[BlackElo "2410"]

1.d4 Nf6 2.Nf3 g6 3.c4 Bg7 4.g3 O-O 5.Bg2 d6 6.O-O Nc6 7.Nc3 a6 8.Qd3 Bd7
9.d5 Nb4 10.Qd1 a5 11.a3 Na6 12.Be3 Qc8 13.Rb1 Bf5 14.Rc1 Bh3 15.Bd4 Bxg2
16.Kxg2 e5 17.dxe6 fxe6 18.Ng5 b6 19.f3 h6 20.Nge4 Nxe4  1/2-1/2

[Event "Zagreb Open B"]
[Site "Zagreb CRO"]
[Date "2011.04.18"]
[Round "9.2"]
[White "Dugandzic,B"]
[Black "Cop,T"]
[Result "1-0"]
[WhiteElo "2210"]
[BlackElo "2268"]

1.c4 g6 2.d4 Nf6 3.Nf3 Bg7 4.g3 O-O 5.Bg2 d6 6.O-O Nbd7 7.Qc2 e5 8.Rd1 Qe7
9.Nc3 c6 10.e4 Nb6 11.b3 Bg4 12.dxe5 dxe5 13.Be3 Nfd7 14.Rd2 Rfe8 15.Ne1 Nc5
16.h3 Be6 17.Rad1 Bf8 18.Bf1 a5 19.Nd3 Nxd3 20.Rxd3 Qc7 21.c5 Nd7 22.Na4 Be7
23.Qc3 Rad8 24.Bg2 h5 25.Kh2 h4 26.g4 Nf6 27.Rxd8 Rxd8 28.Rxd8+ Qxd8 29.Qxe5 Bxg4
30.Bd4 Be6 31.Nb6 Kf8 32.Bf1 Ke8 33.Bc4 Bxc4 34.Nxc4 Kf8 35.Kg2 Qd7 36.Nxa5 Qc8
37.Nc4 Kg8  1-0

[Event "1st CHN-w Masters"]
[Site "Jiangsu Wuxi CHN"]
[Date "2011.04.19"]
[Round "4"]
[White "Tan Zhongyi"]
[Black "Gu Xiaobing"]
[Result "0-1"]
[WhiteElo "2428"]
[BlackElo "2369"]

1.d4 Nf6 2.c4 g6 3.Nf3 Bg7 4.g3 O-O 5.Bg2 d6 6.O-O Nc6 7.Nc3 Bf5 8.d5 Na5
9.Nd2 c5 10.e4 Bd7 11.Qc2 a6 12.b3 b5 13.Bb2 e5 14.dxe6 Bxe6 15.cxb5 axb5
16.Nxb5 Rb8 17.Nxd6 Qxd6 18.e5 Bf5 19.Qc3 Qd4 20.Qc1 Qd3 21.exf6 Bh6 22.Bc3 Nb7
23.f4 Rfe8 24.Rf3 Qd7 25.Nc4 Be4 26.Rf2 Rbd8 27.Bxe4 Rxe4 28.Qc2 Qf5 29.a4 Nd6
30.Nxd6 Rxd6 31.a5 Ra6 32.Rd1 Ra8 33.Qd3 Bf8 34.Kg2 Qe6 35.Qf3 Re8 36.f5 Qxb3
37.fxg6 hxg6 38.Bd2 c4 39.Rc1 Qa4 40.Kh1 Bc5 41.Rg2 Qc6 42.Re2 R8e6 43.Rxe4 Rxe4
44.Rf1 Bd4 45.Bg5 c3 46.Kg2 c2 47.Re1 c1=Q 48.Bxc1 Qc2+ 49.Kf1 Qc4+ 50.Re2 Qxc1+
51.Kg2 Rxe2+ 52.Qxe2 Qc6+ 53.Kh3 Qe6+ 54.Qxe6 fxe6 55.g4 Bxf6 56.a6 Bd4 57.g5 e5
58.Kg4 e4 59.h4 e3 60.Kf3 Kf7  0-1

[Event "Branko Vukmanovic Mem Open"]
[Site "Tivat MNE"]
[Date "2011.04.19"]
[Round "4.4"]
[White "Blagojevic,Dr"]
[Black "Geler,A"]
[Result "1/2-1/2"]
[WhiteElo "2524"]
[BlackElo "2280"]

1.d4 Nf6 2.c4 g6 3.Nf3 Bg7 4.g3 O-O 5.Bg2 d6 6.O-O Nbd7 7.Nc3 e5 8.e4 exd4
9.Nxd4 Nc5 10.h3 c6 11.b3 Re8 12.Re1 h6 13.Rb1 a5 14.Bf4 g5 15.Bc1 Nfd7 16.Be3 Ne5
17.Qd2 Qf6 18.f3 a4 19.f4  1/2-1/2

[Event "CCF Easter IM Norm"]
[Site "Coulsdon ENG"]
[Date "2011.04.20"]
[Round "6"]
[White "Campbell,E"]
[Black "Stavrianakis,I"]
[Result "0-1"]
[WhiteElo "1925"]
[BlackElo "2267"]

1.Nf3 Nf6 2.c4 d6 3.d4 g6 4.g3 Bg7 5.Bg2 O-O 6.O-O Nbd7 7.Nc3 c6 8.h3 e5
9.e4 a5 10.Be3 exd4 11.Nxd4 Re8 12.Qc2 Nc5 13.Rad1 Qc7 14.Rfe1 Bd7 15.Nb3 Nxb3
16.axb3 Be6 17.Bf4 Rad8 18.c5 Qc8 19.cxd6 Bxh3 20.Na4 Bxg2 21.Kxg2 Nd7 22.e5 Bxe5
23.Nb6 Nxb6 24.Bxe5 Re6 25.Bf4 Nd5 26.Rxd5 Rxe1 27.Rd2 Qe6 28.Qd3 Qe4+ 29.Qxe4 Rxe4
30.Bg5 Rd7 31.Be7 f5 32.Rd1 Kf7 33.Ra1 b6  0-1

[Event "Chance Cup Open 2011"]
[Site "Frydek Mistek CZE"]
[Date "2011.04.21"]
[Round "1"]
[White "Krejci,Jan1"]
[Black "Clements,Thomas A"]
[Result "0-1"]
[WhiteElo "2174"]
[BlackElo "1886"]

1.Nf3 g6 2.c4 Bg7 3.g3 Nf6 4.Bg2 d6 5.d4 O-O 6.O-O Nbd7 7.Nc3 c5 8.e4 cxd4
9.Nxd4 Nc5 10.h3 Nfd7 11.Be3 Ne5 12.b3 a5 13.Qd2 a4 14.Bh6 Bd7 15.Bxg7 Kxg7
16.Kh2 Qa5 17.Rab1 axb3 18.axb3 Qd8 19.Nc2 Rb8 20.f4 Nc6 21.b4 Ne6 22.b5 Na5
23.f5 Nc5 24.f6+ exf6 25.Qxd6 Rc8 26.e5 f5 27.Ne3 Be6 28.Qxd8 Rfxd8 29.Ncd5 Nd7
30.Rfc1 Nxe5 31.Nb6 Rc5 32.Na4 Rc7 33.c5 Rd4 34.Nb2 Nb3 35.Rc3 Rxc5 36.Rxc5 Nxc5
37.Nbd1 Ne4 38.Rc1 Rd2 39.Rc2 Nf3+ 40.Kh1 Nxg3+  0-1